| 000 | 00000nam##2200000za#4500 |
| 001 | 9.601838 |
| 003 | CaOODSP |
| 005 | 20210624210251 |
| 007 | cr ||||||||||| |
| 008 | 150406|1993||||xxc|||||o f|0| 0 fre|d |
| 040 | |aCaOODSP|bfre |
| 043 | |an-cn--- |
| 086 | 1 |aEn1-17/6-1993F-PDF |
| 110 | 1 |aCanada.|bEnvironnement Canada. |bSection Développement technologique. |
| 245 | 10|aEaux usées industrielles. Traitement des effluents d'une usine intégrée de pâtes et papiers par biofiltration avec le procédé BIOFOR |h[ressource électronique] |
| 260 | |aMontréal - Québec : |bEnvironnement Canada. |cMars 1993. |
| 300 | |a4p.|bfigure, tableau, photographies |
| 490 | 1 |aTechnologies Saint-Laurent |
| 500 | |aLe nº de catalogue (En1-17/6-1993F), l'ISSN (1188-7990) et l'ISBN (0-662-98247-9) de l'édition imprimée ont été incorrectement copiés dans cette édition électronique. |
| 590 | |a12-02-Supp|b2012-01-20 |
| 691 | 07|aDéchets industriels|2gcpds |
| 691 | 07|aGestion des déchets|2gcpds |
| 691 | 07|aIndustrie des pâtes et papiers|2gcpds |
| 775 | 08|tIndustrial wastewater. Treatment of integrated pulp and paper mill effluent by biofiltration using the BIOFOR process |w(CaOODSP)9.557351 |
| 776 | 0#|tTraitement des effluents d'une usine intégrée de pâtes et papiers par biofiltration avec le procédé BIOFOR / |w(CaOODSP)9.620838 |
| 830 | #0|aTechnologies Saint-Laurent.|w(CaOODSP)9.500861 |
| 856 | 40|ahttp://publications.gc.ca|qPDF|s482 Ko|uhttps://publications.gc.ca/collections/Collection/En1-17-6-1993F.pdf |